[Event "TUR-chT Clubs"]
[Site "Konya"]
[Date "2019.07.19"]
[Round "6.9"]
[White "Eren, Yusuf Kemal"]
[Black "Aksu, Savas"]
[Result "1-0"]
[WhiteElo "1858"]
[BlackElo "1638"]
[PlyCount "43"]
[EventDate "2019.07.16"]
[EventType "team-swiss"]
[EventRounds "9"]
[EventCountry "TUR"]
[SourceTitle "CBM 191 Extra"]
[Source "ChessBase"]
[SourceDate "2019.09.30"]
[SourceVersion "1"]
[SourceVersionDate "2019.09.30"]
[SourceQuality "1"]
[WhiteTeam "Samsun Genclik"]
[BlackTeam "Edeler Gorme Engelliler"]
[WhiteTeamCountry "TUR"]
[BlackTeamCountry "TUR"]

1. e4 c6 2. d4 d5 3. exd5 cxd5 4. Bd3 Nc6 5. c3 Nf6 6. Bf4 Bg4 7. Qb3 Qc8 8. Nd2 e6 9. Ngf3 a6 10. a4 Be7 11. 0-0 Bh5 12. Rae1 0-0 13. Ne5 Nd7 14. Qc2 Ndxe5 15. dxe5 Bg6 16. Bxg6 hxg6 17. Qd3 Bc5 18. Qh3 b5 19. Nf3 Be7 20. Bg5 Bc5 21. b4 Bb6 22. Bf6 1-0

[Event "TUR-chT2"]
[Site "Konya"]
[Date "2017.07.15"]
[Round "9.18"]
[White "Eren, Yusuf Kemal"]
[Black "Adas, Anil"]
[Result "1-0"]
[WhiteElo "1824"]
[BlackElo "1583"]
[PlyCount "81"]
[EventDate "2017.07.09"]
[EventType "team-swiss"]
[EventRounds "9"]
[EventCountry "TUR"]
[SourceTitle "CBM 179 Extra"]
[Source "ChessBase"]
[SourceDate "2017.08.23"]
[SourceVersion "1"]
[SourceVersionDate "2017.08.23"]
[SourceQuality "1"]
[WhiteTeam "Atakum Belediye"]
[BlackTeam "Ozel Biltepe Osmaniye"]
[WhiteTeamCountry "TUR"]
[BlackTeamCountry "TUR"]

1. e4 c5 2. Nf3 d6 3. Bb5+ Bd7 4. Bxd7+ Qxd7 5. 0-0 Nc6 6. c3 g6 7. d4 cxd4 8. cxd4 Bg7 9. Nc3 Nf6 10. Qe2 0-0 11. Rd1 e6 12. h3 a6 13. Bf4 Nh5 14. Bh2 Ne7 15. Rac1 Bh6 16. Rc2 Nf4 17. Bxf4 Bxf4 18. g3 Bh6 19. Nh2 Nc6 20. Ng4 Bg7 21. e5 f5 22. exf6 Bxf6 23. Ne4 Bg7 24. Qe3 Nb4 25. Rc4 Nd5 26. Qa3 b5 27. Rc2 b4 28. Qd3 h5 29. Nh2 Rf5 30. Nf3 Bf6 31. Nxf6+ Rxf6 32. Re1 Qb5 33. Qe4 b3 34. axb3 Qxb3 35. Ng5 Re8 36. Rce2 Nb4 37. Qb7 e5 38. Qh7+ Kf8 39. Qh8+ Ke7 40. Qg7+ Rf7 41. Nxf7 1-0

[Event "TUR-chT2"]
[Site "Konya"]
[Date "2017.07.12"]
[Round "6.10"]
[White "Taskiran, Recep"]
[Black "Eren, Yusuf Kemal"]
[Result "1/2-1/2"]
[WhiteElo "1912"]
[BlackElo "1824"]
[PlyCount "63"]
[EventDate "2017.07.09"]
[EventType "team-swiss"]
[EventRounds "9"]
[EventCountry "TUR"]
[SourceTitle "CBM 179 Extra"]
[Source "ChessBase"]
[SourceDate "2017.08.23"]
[SourceVersion "1"]
[SourceVersionDate "2017.08.23"]
[SourceQuality "1"]
[WhiteTeam "Dobruca"]
[BlackTeam "Atakum Belediye"]
[WhiteTeamCountry "TUR"]
[BlackTeamCountry "TUR"]

1. e4 c5 2. Nf3 Nc6 3. Bb5 d6 4. 0-0 Bd7 5. c3 a6 6. Bd3 Bg4 7. Be2 Nf6 8. d3 e5 9. h3 Bxf3 10. Bxf3 Be7 11. a4 0-0 12. Na3 h6 13. Nc4 Re8 14. Ne3 g6 15. Be2 Bf8 16. f4 exf4 17. Rxf4 Bg7 18. Qf1 Rf8 19. Bd1 Qe7 20. Bd2 b5 21. b3 b4 22. Rc1 bxc3 23. Bxc3 Nd4 24. Rb1 a5 25. Bd2 Rad8 26. Rc1 d5 27. Rxf6 Qxf6 28. Qxf6 Bxf6 29. Nxd5 Bg7 30. Be3 Rb8 31. Rxc5 Nxb3 32. Rc6 1/2-1/2

[Event "TUR-chT2"]
[Site "Konya"]
[Date "2017.07.10"]
[Round "2.27"]
[White "Ozdemir, Semih"]
[Black "Eren, Yusuf Kemal"]
[Result "0-1"]
[WhiteElo "1369"]
[BlackElo "1824"]
[PlyCount "74"]
[EventDate "2017.07.09"]
[EventType "team-swiss"]
[EventRounds "9"]
[EventCountry "TUR"]
[SourceTitle "CBM 179 Extra"]
[Source "ChessBase"]
[SourceDate "2017.08.23"]
[SourceVersion "1"]
[SourceVersionDate "2017.08.23"]
[SourceQuality "1"]
[WhiteTeam "Palamut Bric"]
[BlackTeam "Atakum Belediye"]
[WhiteTeamCountry "TUR"]
[BlackTeamCountry "TUR"]

1. c4 e5 2. Nc3 d6 3. g3 f5 4. Bg2 Nf6 5. d3 c6 6. e4 g6 7. Nge2 Bg7 8. Bg5 0-0 9. 0-0 h6 10. Be3 Be6 11. Qd2 Ng4 12. h3 Nxe3 13. fxe3 Nd7 14. b3 Nf6 15. Rad1 d5 16. cxd5 cxd5 17. exf5 gxf5 18. d4 Ne4 19. Nxe4 dxe4 20. d5 Bd7 21. Qb4 a5 22. Qd2 Bb5 23. Rfe1 Ra6 24. Nc3 Bd3 25. Bf1 Bxf1 26. Rxf1 Qg5 27. Kh2 Rg6 28. Ne2 h5 29. h4 Qg4 30. d6 f4 31. exf4 exf4 32. Rg1 fxg3+ 33. Rxg3 Rf2+ 34. Kg1 Qxg3+ 35. Nxg3 Rxd2 36. Rxd2 Rxg3+ 37. Kf2 e3+ 0-1